<?xml version="1.0" encoding="UTF-8"?>
<record
    xmlns:xsi="http://www.w3.org/2001/XMLSchema-instance"
    xsi:schemaLocation="http://www.loc.gov/MARC21/slim http://www.loc.gov/standards/marcxml/schema/MARC21slim.xsd"
    xmlns="http://www.loc.gov/MARC21/slim">

  <leader>00249nam a22000977a 4500</leader>
  <datafield tag="999" ind1=" " ind2=" ">
    <subfield code="c">533552</subfield>
    <subfield code="d">533552</subfield>
  </datafield>
  <datafield tag="022" ind1=" " ind2=" ">
    <subfield code="a">2304-716X</subfield>
  </datafield>
  <datafield tag="245" ind1=" " ind2=" ">
    <subfield code="a">NED University Journal of Research /</subfield>
    <subfield code="c">NED University of Engineering and Technology.</subfield>
  </datafield>
  <datafield tag="260" ind1=" " ind2=" ">
    <subfield code="a">Karachi:</subfield>
  </datafield>
  <datafield tag="300" ind1=" " ind2=" ">
    <subfield code="c">30cm.</subfield>
  </datafield>
  <datafield tag="942" ind1=" " ind2=" ">
    <subfield code="c">CR</subfield>
  </datafield>
  <datafield tag="952" ind1=" " ind2=" ">
    <subfield code="0">0</subfield>
    <subfield code="1">0</subfield>
    <subfield code="4">0</subfield>
    <subfield code="7">0</subfield>
    <subfield code="a">CL</subfield>
    <subfield code="b">CL</subfield>
    <subfield code="d">2020-01-13</subfield>
    <subfield code="l">0</subfield>
    <subfield code="o">Vol-1 January 2019</subfield>
    <subfield code="p">S-5019</subfield>
    <subfield code="r">2020-01-13</subfield>
    <subfield code="t">Earthquake Engineering (SACEE'19</subfield>
    <subfield code="y">CR</subfield>
  </datafield>
  <datafield tag="952" ind1=" " ind2=" ">
    <subfield code="0">0</subfield>
    <subfield code="1">0</subfield>
    <subfield code="4">0</subfield>
    <subfield code="7">0</subfield>
    <subfield code="a">CL</subfield>
    <subfield code="b">CL</subfield>
    <subfield code="d">2020-02-19</subfield>
    <subfield code="l">0</subfield>
    <subfield code="o">Vol-XV, No-3 Jul 2018</subfield>
    <subfield code="p">S-92057</subfield>
    <subfield code="r">2020-02-19</subfield>
    <subfield code="t">Structural Mechanics</subfield>
    <subfield code="w">2020-02-19</subfield>
    <subfield code="y">CR</subfield>
  </datafield>
  <datafield tag="952" ind1=" " ind2=" ">
    <subfield code="0">0</subfield>
    <subfield code="1">0</subfield>
    <subfield code="4">0</subfield>
    <subfield code="7">0</subfield>
    <subfield code="a">CL</subfield>
    <subfield code="b">CL</subfield>
    <subfield code="d">2020-01-13</subfield>
    <subfield code="l">0</subfield>
    <subfield code="o">Vol-2 Jul 2019</subfield>
    <subfield code="p">S-92058</subfield>
    <subfield code="r">2020-02-19</subfield>
    <subfield code="t">Earthquake Engineering (SACEE'19</subfield>
    <subfield code="w">2020-02-19</subfield>
    <subfield code="y">CR</subfield>
  </datafield>
  <datafield tag="952" ind1=" " ind2=" ">
    <subfield code="0">0</subfield>
    <subfield code="1">0</subfield>
    <subfield code="4">0</subfield>
    <subfield code="7">0</subfield>
    <subfield code="a">CL</subfield>
    <subfield code="b">CL</subfield>
    <subfield code="d">2020-02-19</subfield>
    <subfield code="l">0</subfield>
    <subfield code="o">Vol-XV, No-1 Jan 2018</subfield>
    <subfield code="p">S-8046</subfield>
    <subfield code="r">2020-02-19</subfield>
    <subfield code="t">Structural Mechanics</subfield>
    <subfield code="w">2020-02-19</subfield>
    <subfield code="y">CR</subfield>
  </datafield>
  <datafield tag="952" ind1=" " ind2=" ">
    <subfield code="0">0</subfield>
    <subfield code="1">0</subfield>
    <subfield code="4">0</subfield>
    <subfield code="7">0</subfield>
    <subfield code="a">CL</subfield>
    <subfield code="b">CL</subfield>
    <subfield code="d">2020-02-19</subfield>
    <subfield code="l">0</subfield>
    <subfield code="o">Vol-XVI, No-4 Sep 2019</subfield>
    <subfield code="p">S-93042</subfield>
    <subfield code="r">2020-02-19</subfield>
    <subfield code="t">Applied Sciences</subfield>
    <subfield code="w">2020-02-19</subfield>
    <subfield code="y">CR</subfield>
  </datafield>
  <datafield tag="952" ind1=" " ind2=" ">
    <subfield code="0">0</subfield>
    <subfield code="1">0</subfield>
    <subfield code="4">0</subfield>
    <subfield code="7">0</subfield>
    <subfield code="a">CL</subfield>
    <subfield code="b">CL</subfield>
    <subfield code="d">2020-02-19</subfield>
    <subfield code="l">0</subfield>
    <subfield code="o">Vol-XVI, No-2 Mar 2019</subfield>
    <subfield code="p">S-8047</subfield>
    <subfield code="r">2020-02-19</subfield>
    <subfield code="t">Applied Sciences</subfield>
    <subfield code="w">2020-02-19</subfield>
    <subfield code="y">CR</subfield>
  </datafield>
</record>
